| 000 | 00848nam a22002297a 4500 | ||
|---|---|---|---|
| 003 | BD-DhJNU | ||
| 005 | 20250129055044.0 | ||
| 008 | 250129b |||||||| |||| 00| 0 eng d | ||
| 020 | _a9789845062381 | ||
| 040 |
_aBD-DhJNU _bENG _cBD-DhJNU _dBD-DhJNU |
||
| 082 |
_223 _a307.1412095492 DRI |
||
| 245 |
_aDriving Development : _ba story of BRAC's evolution and effectiveness / _cedited by Mahabub Hossain, Shib Narayan Kairy and Abdul Bayes. |
||
| 260 |
_aDhaka : _bThe University Press, _c2016. |
||
| 300 |
_axxxv, 320 p. : _bill. ; _c22 cm. |
||
| 504 | _aIncludes bibliographical references and index | ||
| 650 | _aRural development Bangladesh | ||
| 650 | _a Non-governmental organizations Bangladesh | ||
| 700 |
_aHossain, Mahabub _eeditor |
||
| 700 |
_aKairy, Shib Narayan _eeditor |
||
| 700 |
_aBayes, Abdul _eeditor |
||
| 942 |
_2ddc _cBK _n0 |
||
| 999 |
_c1189 _d1189 |
||